000 01092cam a2200277 a 4500
001 000014680
005 20200929163903.0
008 831018s1969 sp 000 0 spa
040 _aDO-SdBNP
_bspa
_cDLC
_dBNPHU
082 _a305.9
_bD542h, 1969
100 1 _aDíaz del Moral, Juan.
_d1870-1948
_933269
245 1 0 _aHistoria de las agitaciones campesinas anduluzas-Córdoba :
_b(Antecedentes para una reforma agraria) /
_cJuan Díaz del Moral.
250 _a2a ed.
260 _aMadrid, España :
_bAlianza Editorial,
_c1969.
300 _a508 p. ;
_c19 cm.
490 1 _aEl libro de bolsillo
_v68
490 1 _aHumanidades
650 4 _aMovimientos campesinos
_zAndalucía (España{Rpara}
_933270
650 4 _aMovimientos obreros
_zAndalucía (España{Rpara}
_933271
650 4 _aTrabajadores agrícolas
_zEspaña
_zCordoba (Provincia{Rpara}
_933272
650 4 _aComunismo
_zEspaña
_zCordoba (Provincia{Rpara}
_933273
651 4 _aEspaña
_xCondiciones Sociales
_93502
830 0 _aEl libro de bolsillo ;
_phumanidades
_v68
_98845
910 _aCatalogación derivada
049 _aBNGR
999 _c14264
_d14264